Memòria 1993 / Institut Municipal d'Història
Descripción Física:
77 f. ; 30 cm
MARC
| LEADER | 00000nam a2200000Ia 4500 | ||
|---|---|---|---|
| 001 | 10637 | ||
| 003 | BGR | ||
| 005 | 20260324175401.0 | ||
| 008 | 160829s9999 xx 000 0 cat d | ||
| 080 | |a A-1-60 | ||
| 110 | 1 | |a Institut Municipal d'Història (Barcelona) |9 70960 | |
| 245 | |a Memòria 1993 / Institut Municipal d'Història | ||
| 260 | |a Barcelona : |b Ajuntament de Barcelona, [1994?] | ||
| 300 | |a 77 f. ; |c 30 cm | ||
| 650 | |a Arxiu Històric de la Ciutat (Barcelona) |x Memòries |9 30442 | ||
| 650 | |a Centre d'Arqueologia de la Ciutat (Barcelona) |x Memòries |9 30443 | ||
| 650 | |a Museu d'Història de la Ciutat (Barcelona) |x Memòries |9 30444 | ||
| 710 | 1 | |a Barcelona (Catalunya). |b Ajuntament |9 50981 | |
| 710 | 2 | |a Arxiu Municipal de Barcelona |9 55021 | |
| 901 | |a Arxiu | ||
| 942 | |n 1 |2 udc |c MON | ||
| 952 | |0 0 |1 0 |4 0 |6 A160 |7 1 |9 45423 |a Arxiu |b Arxiu |d 2016-12-01 |l 0 |o A-1-60 |p 10637 |r 2016-12-01 00:00:00 |w 2016-12-01 |y ARXIU | ||
| 999 | |c 48530 |d 48530 | ||